Vista normal
Vista MARC
Entrada Materia (personas)
Número de registros utilizados en: 2
001 - CONTROL NUMBER
- control field: 56254
003 - CONTROL NUMBER IDENTIFIER
- control field: Co-BoUCM
005 - DATE AND TIME OF LATEST TRANSACTION
- control field: 20140215142830.0
008 - FIXED-LENGTH DATA ELEMENTS
- fixed length control field: 140215|| aca||aabn | a|a d
040 ## - CATALOGING SOURCE
- Original cataloging agency: Co-BoUCM
- Transcribing agency: Co-BoUCM
100 ## - HEADING--PERSONAL NAME
- Personal name: Duncan, Gustavo
- Dates associated with a name: 1973 -
670 ## - SOURCE DATA FOUND
- Source citation: Work cat.: (Co-BoUCM)184270: Duncan, Gustavo 1973 -, Los señores de la guerra, 2006